Elektroniğin büyüsü/ (Record no. 779)
| 000 -BAŞLIK | |
|---|---|
| Sabit Uzunluktaki Kontrol Alanı | 00965nam a22003257a 4500 |
| 001 - KONTROL NUMARASI | |
| Control Dosyası | 0000781 |
| 003 - KONTROL NUMARASI KİMLİĞİ | |
| Kontrol Alanı | KOHA_MİRAKIL |
| 005 - EN SON İŞLEM TARİHİ ve ZAMANI | |
| Kontrol Alanı | 20260207001220.0 |
| 007 - FİZİKSEL TANIM SABİT ALAN - GENEL BİLGİ | |
| Sabit uzunluklu kontrol alanı | ta |
| 008 - SABİT UZUNLUKTAKİ VERİ ÖGELERİ - GENEL BİLGİ | |
| Sabit Alan | 081212b1992 tu |||gr||||#||||0|tur | |
| 020 ## - ISBN - ULUSLARARASI STANDART KİTAP NUMARASI | |
| Isbn | 9757732435 |
| Kullanılabilirlik koşulları | YTL13,69 |
| 040 ## - KATALOGLAMA KAYNAĞI | |
| Özgün Kataloglama Kurumu | TR-BiSEU |
| Kataloglama Dili | tur |
| Çeviri Kurumu | TR-BiSEU |
| Açıklama Kuralları | rda |
| 041 0# - DİL KODU | |
| Metin ya da ses kaydının dil kodu | tur |
| 044 ## - YAYINLAYAN/ÜRETEN KURULUŞUN ÜLKE KODU | |
| ISO country code | tu |
| 050 ## - SINIFLAMA ve YER NUMARASI | |
| Sınıflama Numarası | T14.5 |
| Yer Numarası | .R45 1992 |
| 100 1# - KİŞİ ADI | |
| Yazar Adı (Kişi adı) | Reinecke, Ian. |
| 245 1# - ESER ADI BİLDİRİMİ | |
| Başlık | Elektroniğin büyüsü/ |
| Sorumluluk Bildirimi | Ian Reinecke ; Ian Reinecke; çeviren Fatih Elmalı. |
| 264 #1 - ÜRERİM, YAYIN, DAĞITIM ve TELİF BİLDİRİMİ | |
| Yayın yeri | İstanbul : |
| Yayınlayan | İnsan |
| Yayın tarihi | 1992 |
| 300 ## - FİZİKSEL TANIMLAMA | |
| Sayfa, Cilt vb. | 311 sayfa |
| 336 ## - İÇERİK TÜRÜ | |
| Content type term | metin |
| Content type code | txt |
| Source | rdacontent |
| 337 ## - MEDYA TÜRÜ | |
| Media type term | aracısız |
| Media type code | n |
| Source | rdamedia |
| 338 ## - TAŞIYICI TÜRÜ | |
| Carrier type term | cilt |
| Carrier type code | nc |
| Source | rdacarrier |
| 490 1# - DİZİ BİLDİRİMİ | |
| Dizi Bildirimi | İnsan Yayınları ; |
| Cilt Numarası | 79 . |
| 490 1# - DİZİ BİLDİRİMİ | |
| Dizi Bildirimi | Alternatif dizi ; |
| Cilt Numarası | 4 |
| 650 #0 - KONU BAŞLIĞI EK GİRİŞ - KONU TERİMİ | |
| Konusal terim veya coğrafi ad | Computer and Civilization. |
| 9 (RLIN) | 3278 |
| 650 #0 - KONU BAŞLIĞI EK GİRİŞ - KONU TERİMİ | |
| Konusal terim veya coğrafi ad | High Technology--Social Aspects. |
| 9 (RLIN) | 3279 |
| 830 1# - SERİ EK GİRİŞİ - TEKBİÇİM ESER ADI | |
| Tekbiçim Başlık | İnsan Yayınları ; |
| Volume number/sequential designation | 79 . |
| 9 (RLIN) | 3280 |
| 830 1# - SERİ EK GİRİŞİ - TEKBİÇİM ESER ADI | |
| Tekbiçim Başlık | Alternatif dizi ; |
| Volume number/sequential designation | 4 |
| 9 (RLIN) | 3281 |
| 942 ## - EK GİRİŞ ÖGELERİ (KOHA) | |
| Source of classification or shelving scheme | Library of Congress Classification |
| Koha item type | Book |
| Materyal Türü | Kalıcı Konum | Mevcut Konum | Raf Yeri | Sınıflandırma Kaynağı | Edinim Bilgisi | Ana Konular | Alt Konular | Yer Numarası | Demirbaş Numarası | Fatura Tarihi | Maliyet, Alış Fiyatı | Maliyet, Yenileme Fiyatı | Geri Çekilme Durumu | Kayıp Durumu | Hasarlı Durumu | Kredi için değil | Kayıt Tarih | Toplam Ödünçverme | Son Görülme Tarihi | Son Kontrol Tarihi |
|---|---|---|---|---|---|---|---|---|---|---|---|---|---|---|---|---|---|---|---|---|
| Book | Prof. Dr. Azmi Özcan Kütüphanesi | Prof. Dr. Azmi Özcan Kütüphanesi | Birûni Salonu | Library of Congress Classification | Satın | TEKNOLOJİ | Teknoloji (Genel) | T14.5 .R45 1992 | 0000781 | 12/12/2008 | 14.79 | 14.79 | 12/12/2008 | 1 | 05/12/2024 | 05/12/2024 |
